000 00596nam a22001937a 4500
005 20260318121402.0
010 _aENG-147916
020 _a9789369588374
_c499.00
035 _aEN-131448
037 _bDBAD
082 _a000
_21
245 _aRankUp Mathematics for all SSC Exams
250 _a1
260 _aUttar Pradesh
_bS. Chand Publishing
_c2026
270 _aD-92, Sector-02, Noida
_bUttar Pradesh
_e201301
_k91-120-4682700
300 v _a421p.
_c27cm(pb)
500 _awith Detailed Explanations & Short Tricks | 5500+ TCS MCQs | PYQ
942 _2ddc
_cEN
_mMAT
_h000
999 _c215608
_d215608